000
00337nam a2200145Ia 4500
008
240401s2022 xx und d
041
_a
eng
082
_a
615/YAD
245
_a
PHARMACOLOGY -I
250
_a
2
260
_a
PUNE
_b
NIRALI PRAKASHAN
_c
2022
300
_a
P.B/6.24
650
_a
PHARMACOLOGY
650
_a
PHARMACOLOGY -I
999
_c
1152134
_d
1152134